<?xml version="1.0" encoding="UTF-8"?><marc:collection xmlns:marc="http://www.loc.gov/MARC21/slim">
  <marc:record>
    <marc:leader>00000cam  2200000zi 4500</marc:leader>
    <marc:controlfield tag="001">9.958060</marc:controlfield>
    <marc:controlfield tag="003">CaOODSP</marc:controlfield>
    <marc:controlfield tag="005">20251209092159</marc:controlfield>
    <marc:controlfield tag="006">m     o  d f      </marc:controlfield>
    <marc:controlfield tag="007">cr cn|||||||||</marc:controlfield>
    <marc:controlfield tag="008">251208e202511##onc     o    f000 0 eng d</marc:controlfield>
    <marc:datafield tag="040" ind1=" " ind2=" ">
      <marc:subfield code="a">CaOODSP</marc:subfield>
      <marc:subfield code="b">eng</marc:subfield>
      <marc:subfield code="e">rda</marc:subfield>
      <marc:subfield code="c">CaOODSP</marc:subfield>
    </marc:datafield>
    <marc:datafield tag="041" ind1="0" ind2=" ">
      <marc:subfield code="a">eng</marc:subfield>
      <marc:subfield code="a">fre</marc:subfield>
    </marc:datafield>
    <marc:datafield tag="043" ind1=" " ind2=" ">
      <marc:subfield code="a">n-cn---</marc:subfield>
    </marc:datafield>
    <marc:datafield tag="086" ind1="1" ind2=" ">
      <marc:subfield code="a">YC36-0/451-3-PDF</marc:subfield>
    </marc:datafield>
    <marc:datafield tag="110" ind1="1" ind2=" ">
      <marc:subfield code="a">Canada. </marc:subfield>
      <marc:subfield code="b">Parliament. </marc:subfield>
      <marc:subfield code="b">Senate. </marc:subfield>
      <marc:subfield code="b">Standing Committee on Audit and Oversight, </marc:subfield>
      <marc:subfield code="e">author, </marc:subfield>
      <marc:subfield code="e">issuing body.</marc:subfield>
    </marc:datafield>
    <marc:datafield tag="245" ind1="1" ind2="0">
      <marc:subfield code="a">Senate audit and oversight charter = </marc:subfield>
      <marc:subfield code="b">Charte d'audit et de surveillance du Sénat.</marc:subfield>
    </marc:datafield>
    <marc:datafield tag="246" ind1="1" ind2="1">
      <marc:subfield code="a">Charte d'audit et de surveillance du Sénat</marc:subfield>
    </marc:datafield>
    <marc:datafield tag="250" ind1=" " ind2=" ">
      <marc:subfield code="a">[November 2025 edition].</marc:subfield>
    </marc:datafield>
    <marc:datafield tag="264" ind1=" " ind2="1">
      <marc:subfield code="a">[Ottawa] : </marc:subfield>
      <marc:subfield code="b">Senate, Canada = Sénat, Canada, </marc:subfield>
      <marc:subfield code="c">November 2025.</marc:subfield>
    </marc:datafield>
    <marc:datafield tag="300" ind1=" " ind2=" ">
      <marc:subfield code="a">1 online resource (30 pages).</marc:subfield>
    </marc:datafield>
    <marc:datafield tag="336" ind1=" " ind2=" ">
      <marc:subfield code="a">text</marc:subfield>
      <marc:subfield code="b">txt</marc:subfield>
      <marc:subfield code="2">rdacontent</marc:subfield>
    </marc:datafield>
    <marc:datafield tag="337" ind1=" " ind2=" ">
      <marc:subfield code="a">computer</marc:subfield>
      <marc:subfield code="b">c</marc:subfield>
      <marc:subfield code="2">rdamedia</marc:subfield>
    </marc:datafield>
    <marc:datafield tag="338" ind1=" " ind2=" ">
      <marc:subfield code="a">online resource</marc:subfield>
      <marc:subfield code="b">cr</marc:subfield>
      <marc:subfield code="2">rdacarrier</marc:subfield>
    </marc:datafield>
    <marc:datafield tag="490" ind1="1" ind2=" ">
      <marc:subfield code="a">[Report of the Standing Committee on Audit and Oversight] ; </marc:subfield>
      <marc:subfield code="v">[3rd report, 45th Parliament, 1st Session]</marc:subfield>
    </marc:datafield>
    <marc:datafield tag="500" ind1=" " ind2=" ">
      <marc:subfield code="a">Issued by: Standing Committee on Audit and Oversight.</marc:subfield>
    </marc:datafield>
    <marc:datafield tag="520" ind1=" " ind2=" ">
      <marc:subfield code="a">"The Senate Audit and Oversight Charter (the charter) codifies the fundamental principles that govern the administrative practices of the committee. It outlines the structure, obligations and responsibilities that the committee must follow, with such modifications as the circumstances require. The Rules establish the committee's mandate and set out procedures to be followed. In the case of any discrepancy, the Rules take precedence over any practice outlined in this charter"--Purpose of the charter, page 3.</marc:subfield>
    </marc:datafield>
    <marc:datafield tag="546" ind1=" " ind2=" ">
      <marc:subfield code="a">Text in English and French.</marc:subfield>
    </marc:datafield>
    <marc:datafield tag="610" ind1="1" ind2="0">
      <marc:subfield code="a">Canada. </marc:subfield>
      <marc:subfield code="b">Parliament. </marc:subfield>
      <marc:subfield code="b">Senate. </marc:subfield>
      <marc:subfield code="b">Standing Committee on Audit and Oversight</marc:subfield>
      <marc:subfield code="v">Charters.</marc:subfield>
    </marc:datafield>
    <marc:datafield tag="610" ind1="1" ind2="0">
      <marc:subfield code="a">Canada. </marc:subfield>
      <marc:subfield code="b">Parliament. </marc:subfield>
      <marc:subfield code="b">Senate</marc:subfield>
      <marc:subfield code="x">Rules and practice.</marc:subfield>
    </marc:datafield>
    <marc:datafield tag="610" ind1="1" ind2="0">
      <marc:subfield code="a">Canada. </marc:subfield>
      <marc:subfield code="b">Parliament. </marc:subfield>
      <marc:subfield code="b">Senate</marc:subfield>
      <marc:subfield code="x">Auditing.</marc:subfield>
    </marc:datafield>
    <marc:datafield tag="788" ind1=" " ind2=" ">
      <marc:subfield code="t">Senate audit and oversight charter = </marc:subfield>
      <marc:subfield code="e">fre</marc:subfield>
      <marc:subfield code="w">(CaOODSP)9.958061</marc:subfield>
    </marc:datafield>
    <marc:datafield tag="795" ind1=" " ind2=" ">
      <marc:subfield code="t">Senate audit and oversight charter = </marc:subfield>
      <marc:subfield code="b">[June 2022 edition]</marc:subfield>
      <marc:subfield code="w">(CaOODSP)9.912092</marc:subfield>
    </marc:datafield>
    <marc:datafield tag="830" ind1="#" ind2="0">
      <marc:subfield code="a">Report of the Standing Committee on Audit and Oversight ;</marc:subfield>
      <marc:subfield code="v">3rd report, 45th Parliament, 1st Session.</marc:subfield>
      <marc:subfield code="w">(CaOODSP)9.911981</marc:subfield>
    </marc:datafield>
    <marc:datafield tag="856" ind1="4" ind2="0">
      <marc:subfield code="q">PDF</marc:subfield>
      <marc:subfield code="s">792 KB</marc:subfield>
      <marc:subfield code="u">https://publications.gc.ca/collections/collection_2025/sen/yc36-0/YC36-0-451-3.pdf</marc:subfield>
    </marc:datafield>
  </marc:record>
</marc:collection>
